01570nam a2200229Ia 4500001000600000003000900006008004100015040001300056040001300069041001200082100003000094100002900124245010300153245010300256250001100359260004500370260004900415300005600464500074700520650004201267650003101309B0913IT-RoPAU130308s9999 xx 000 0 und d aIT-RoPAU cIT-RoPAU aINGLESE aNtomchukwu Asuzu Boniface gCodice Aut. SPICS: 37293 aCommunications Strategy in the New Era of Evangelization (Case for the Catholic Church of Nigeria) bCommunications Strategy in The New Era Of Evangelization (Case For The Catholic Church Of Nigeria) a1a ed. bs.e. (senza Editrice o non identificata) c1987 [1° Ed.:1987 - Ed.Ling.Originale:1987] a"366 p. (prefazione: 22; testo: 344 [pagine: 0-0])" aStrategia di Comunicazione nella Nuova Era dell'Evanmgelizzazione: Caso della Chiesa Cattolica in Nigeria. nazione Nigeriana Emergente: ritratto Culturale, Politico e Socio Economico, Situazione delle comunicazioni in Nigeria, Trasmissioni Radio televisive e Film. Crescita con l'esplosione dell'Eradelle Comunicazioni: impatto delle Moderne tecnologie Sulle comunicazioni Umane, Uomo Audiovisivo, Chiesa e Cultura Contemporanea, Cultura e Media. Agenda della Nuova Era dell'Evangelizzazione: riguardo a una maggiore partecipazione della Comunicazione nell'Evangelizzazione, Group Media nell'Evangelizzazione, missione e Chiesa nella Prospettiva del Vaticano Ii, preparazione Appropriata al Ministero Pastorale dei futuri Preti. Bibliografia. aSAGGI PASTORALE COMUNICAZIONE SOCIALE eCodice materia Spics: 9311